| 000 | 00662nam a2200217Ia 4500 | ||
|---|---|---|---|
| 003 | GCL | ||
| 008 | 140319s9999 xx 000 0 ara d | ||
| 040 |
_aGCL / _cGCL |
||
| 082 | 0 | 4 |
_a301.31 _bر ط |
| 100 | 1 | _aرشاد محمد محمد عبده | |
| 245 | 1 | 0 |
_aالطاقة واثرها على البيئة والتنمية / _cرشاد محمد محمد عبده |
| 260 |
_aالقاهرة : _bرشاد محمد محمد عبده ، _c1995 |
||
| 300 |
_a154 ص ؛ _c30 سم |
||
| 490 | _a | ||
| 650 | 0 | 4 | _aالاقتصاد |
| 650 | 0 | 4 | _aالبيئة |
| 650 | 0 | 4 | _aالتلوث |
| 650 | 0 | 4 | _aالتنمية |
| 650 | 0 | 4 | _aالطاقة |
| 942 |
_2ddc _cBK |
||
| 999 |
_c37959 _d37959 |
||